000 00496nam a2200181Ia 4500
001 23001
005 20260414150908.0
008 260414t2015||||xx |||||||||||||| ||spa||
041 _aESP
082 _a624.1762
_bG14
100 _aGallego Silva, Mauricio
_eAUT
245 0 _aEl concreto y los terremotos :
_bconceptos, comportamiento, patología y rehabilitación
260 _c2015
300 _axxvii, 445 páginas :
_c28 cm.
650 _a0
654 _aCIC
942 _cLIB
_dJUS
_fJUS
_2ddc
_n
999 _c23001
_d23001